Statistics for Top 15 All-Time Leading Scorers in the NBA

Click here to take the quiz!

General Stats

  • This quiz has been taken 920 times
  • The average score is 8 of 15

Answer Stats

Answer% Correct
#1Kareem Abdul-Jabbar
88%
#4Michael Jordan
88%
#3Kobe Bryant
86%
#2Karl Malone
81%
#5Wilt Chamberlain
70%
#7Dirk Nowitzki
58%
#6Shaquille O'neal
53%
#14Tim Duncan
48%
#10Hakeem Olajuwon
45%
#8Moses Malone
44%
#11Oscar Robertson
34%
#15Kevin Garnett
28%
#13John Havlicek
27%
#12Dominique Wilkins
23%
#9Elvis Hayes
11%

Score Distribution

Percentile by Number Answered

Percent of People with Each Score

Your Score History

You have not taken this quiz